<?xml version="1.0" encoding="UTF-8"?>
<record
    xmlns:xsi="http://www.w3.org/2001/XMLSchema-instance"
    xsi:schemaLocation="http://www.loc.gov/MARC21/slim http://www.loc.gov/standards/marcxml/schema/MARC21slim.xsd"
    xmlns="http://www.loc.gov/MARC21/slim">

  <leader>01474nam a2200313 i 4500</leader>
  <controlfield tag="001">002200001587993</controlfield>
  <controlfield tag="003">CZ PrSKC</controlfield>
  <controlfield tag="005">20260512145338.0</controlfield>
  <controlfield tag="008">260416s2026    xr            ||| | cze  </controlfield>
  <datafield tag="020" ind1=" " ind2=" ">
    <subfield code="a">978-80-275-2859-2</subfield>
    <subfield code="q">(v&#xE1;z&#xE1;no) :</subfield>
    <subfield code="c">K&#x10D; 449,00</subfield>
  </datafield>
  <datafield tag="040" ind1=" " ind2=" ">
    <subfield code="a">TUG001</subfield>
    <subfield code="b">cze</subfield>
    <subfield code="e">rda</subfield>
  </datafield>
  <datafield tag="072" ind1=" " ind2="7">
    <subfield code="a">821.162.3-3</subfield>
    <subfield code="x">&#x10C;esk&#xE1; pr&#xF3;za</subfield>
    <subfield code="2">Konspekt</subfield>
  </datafield>
  <datafield tag="100" ind1="1" ind2=" ">
    <subfield code="a">Klabouchov&#xE1;, Petra,</subfield>
    <subfield code="d">1980-</subfield>
    <subfield code="7">ola2006345384</subfield>
    <subfield code="4">aut</subfield>
  </datafield>
  <datafield tag="245" ind1="1" ind2="0">
    <subfield code="a">Vona /</subfield>
    <subfield code="c">Petra Klabouchov&#xE1;</subfield>
  </datafield>
  <datafield tag="250" ind1=" " ind2=" ">
    <subfield code="a">Prvn&#xED; vyd&#xE1;n&#xED;</subfield>
  </datafield>
  <datafield tag="264" ind1=" " ind2="1">
    <subfield code="a">Brno :</subfield>
    <subfield code="b">Host,</subfield>
    <subfield code="c">2026</subfield>
  </datafield>
  <datafield tag="300" ind1=" " ind2=" ">
    <subfield code="a">324 stran ;</subfield>
    <subfield code="c">21 cm</subfield>
  </datafield>
  <datafield tag="336" ind1=" " ind2=" ">
    <subfield code="a">text</subfield>
    <subfield code="b">txt</subfield>
    <subfield code="2">rdacontent</subfield>
  </datafield>
  <datafield tag="337" ind1=" " ind2=" ">
    <subfield code="a">bez m&#xE9;dia</subfield>
    <subfield code="b">n</subfield>
    <subfield code="2">rdamedia</subfield>
  </datafield>
  <datafield tag="338" ind1=" " ind2=" ">
    <subfield code="a">svazek</subfield>
    <subfield code="b">nc</subfield>
    <subfield code="2">rdacarrier</subfield>
  </datafield>
  <datafield tag="520" ind1="2" ind2=" ">
    <subfield code="a">P&#x159;&#xED;b&#x11B;h inspirovan&#xFD; jedn&#xED;m z nejv&#x11B;t&#x161;&#xED;ch p&#x159;&#xED;rodn&#xED;ch i lidsk&#xFD;ch ne&#x161;t&#x11B;st&#xED; &#x160;umavy. Odlehl&#xE9; osady pod Hu&#x165;sk&#xFD;m &#x161;t&#xED;tem &#x10D;ekaj&#xED; v dubnu 1853 na p&#x159;&#xED;chod jara. Marn&#x11B;. Do&#x10D;kaj&#xED; se jen p&#x159;&#xED;val&#x16F; sn&#x11B;hu, kter&#xFD; v&#x161;echno a v&#x161;echny poh&#x159;b&#xED;. A taky hladu, nezn&#xE1;m&#xE9; epidemie, hr&#x16F;zy a &#x161;&#xED;lenstv&#xED;. N&#x11B;kte&#x159;&#xED; si vyberou smrt, jin&#xED; se v boji o p&#x159;e&#x17E;it&#xED; z&#x159;eknou vlastn&#xED;ho lidstv&#xED;. Ozv&#x11B;nu t&#xE9; d&#xE1;vn&#xE9; trag&#xE9;die si dodnes p&#x159;ed&#xE1;vaj&#xED; potomci jednoho z rod&#x16F;, zat&#xED;mco hr&#x16F;zn&#xE9; d&#x11B;dictv&#xED; &#x10D;ek&#xE1; na sv&#xE9; odhalen&#xED;.</subfield>
  </datafield>
  <datafield tag="655" ind1=" " ind2="7">
    <subfield code="a">rom&#xE1;ny</subfield>
    <subfield code="7">fd133289</subfield>
    <subfield code="2">czenas</subfield>
    <subfield code="9">2191</subfield>
  </datafield>
  <datafield tag="710" ind1="2" ind2=" ">
    <subfield code="a">Host (vydavatelstv&#xED;)</subfield>
    <subfield code="7">ko2003163544</subfield>
    <subfield code="4">pbl</subfield>
  </datafield>
  <datafield tag="900" ind1=" " ind2=" ">
    <subfield code="a">TUG001</subfield>
    <subfield code="b">14</subfield>
  </datafield>
  <datafield tag="952" ind1=" " ind2=" ">
    <subfield code="1">0</subfield>
    <subfield code="2">udc</subfield>
    <subfield code="4">0</subfield>
    <subfield code="0"></subfield>
  </datafield>
  <datafield tag="998" ind1=" " ind2=" ">
    <subfield code="a">010833578</subfield>
  </datafield>
  <datafield tag="910" ind1=" " ind2=" ">
    <subfield code="a">ABG508</subfield>
  </datafield>
  <datafield tag="044" ind1=" " ind2=" ">
    <subfield code="a">xr</subfield>
  </datafield>
  <datafield tag="993" ind1=" " ind2=" ">
    <subfield code="a">294.00</subfield>
    <subfield code="h">449.00</subfield>
    <subfield code="i">Team Business</subfield>
    <subfield code="d">2026-05-12</subfield>
    <subfield code="x">1076848</subfield>
  </datafield>
  <datafield tag="999" ind1=" " ind2=" ">
    <subfield code="c">34270</subfield>
    <subfield code="d">34270</subfield>
  </datafield>
</record>
